Albums de Tame Impala - Statistiques

Statistiques générales
  • Ce quiz a été pris 25 fois
  • Le résultat moyen est 5 sur 5
Statistiques - réponses
Par images Hint Réponse % Correct
2015 Currents
100%
2020 The Slow Rush
100%
2025 Deadbeat
95%
2012 Lonerism
95%
2010 InnerSpeaker
84%
Aucun quiz correspondant
Distribution des résultats
% des personnes avec chaque résultat
Percentile par nombre de réponses
Votre historique - résultats
Vous n’avez pas pris ce quiz